Statistics for Diaspora-France

Click here to take the quiz!

General Stats

  • This quiz has been taken 191 times
    (142 since last reset)
  • The average score is 13 of 20

Answer Stats

Number of immigrantsContinentCountry% Correct
4.680.820North AmericaCanada
99%
11.800.000North AmericaUnited States of America
99%
6.000.000South AmericaArgentina
97%
2.000.000South AmericaBrazil
97%
3.000.000EuropeUnited Kingdom
91%
900.000South AmericaChile
87%
255.000South AmericaPeru
86%
110.399OceaniaAustralia
84%
300.000South AmericaUruguay
80%
30.000North AmericaMexico
79%
380.000AfricaSouth Africa
71%
25.000AsiaChina
69%
12.273AsiaJapan
63%
12.864AsiaIndia
45%
16.817AfricaSenegal
36%
5.343AsiaSouth Korea
30%
123.954AfricaMadagascar
23%
21.428AsiaLebanon
19%
24.000AfricaMauritius
16%
19.826EuropeHungary
8%

Score Distribution

Percentile by Number Answered

Percent of People with Each Score

Your Score History

You have not taken this quiz since the last reset